[Event "Baden-ch U16"]
[Site "Karlsruhe Durlach"]
[Date "2012.01.04"]
[Round "6"]
[White "Opitz, Julian"]
[Black "Katz, Simon"]
[Result "1/2-1/2"]
[WhiteElo "1505"]
[BlackElo "1440"]
[PlyCount "64"]
[EventDate "2012.01.02"]
[EventType "swiss"]
[EventRounds "7"]
[EventCountry "GER"]
[SourceTitle "EXT 2015"]
[Source "ChessBase"]
[SourceDate "2014.11.20"]
[SourceVersion "1"]
[SourceVersionDate "2014.11.20"]
[SourceQuality "1"]

1. e4 e5 2. Nf3 Nc6 3. Bc4 Bc5 4. Nc3 Nf6 5. 0-0 d6 6. h3 0-0 7. d3 h6 8. Re1 Be6 9. Bxe6 fxe6 10. Na4 Bb6 11. Nxb6 axb6 12. c3 Qe8 13. b4 Ne7 14. Qb3 Ng6 15. d4 exd4 16. Nxd4 Kh7 17. Nxe6 Rf7 18. f3 Re7 19. Nf4 c6 20. Nxg6 Qxg6 21. Be3 b5 22. Bf4 Nh5 23. Bh2 Rf8 24. Kh1 Ng3+ 25. Bxg3 Qxg3 26. Qc2 Rf4 27. Qd2 Rh4 28. Rad1 Re6 29. Re3 Rg6 30. Rd3 Rf6 31. Rxd6 Rxf3 32. Rd3 Rxd3 1/2-1/2

[Event "Baden-ch U16"]
[Site "Karlsruhe Durlach"]
[Date "2012.01.03"]
[Round "4"]
[White "Firat, Kaan"]
[Black "Katz, Simon"]
[Result "1/2-1/2"]
[WhiteElo "1283"]
[BlackElo "1440"]
[PlyCount "20"]
[EventDate "2012.01.02"]
[EventType "swiss"]
[EventRounds "7"]
[EventCountry "GER"]
[SourceTitle "EXT 2015"]
[Source "ChessBase"]
[SourceDate "2014.11.20"]
[SourceVersion "1"]
[SourceVersionDate "2014.11.20"]
[SourceQuality "1"]

1. e4 e5 2. Nf3 Nc6 3. Bb5 a6 4. Ba4 d6 5. 0-0 Nf6 6. d3 Be7 7. h3 0-0 8. Re1 h6 9. Be3 b5 10. Bb3 Be6 1/2-1/2

[Event "Baden-ch U16"]
[Site "Karlsruhe Durlach"]
[Date "2012.01.02"]
[Round "2"]
[White "Weh, Christopher"]
[Black "Katz, Simon"]
[Result "1/2-1/2"]
[WhiteElo "1304"]
[BlackElo "1440"]
[PlyCount "47"]
[EventDate "2012.01.02"]
[EventType "swiss"]
[EventRounds "7"]
[EventCountry "GER"]
[SourceTitle "EXT 2015"]
[Source "ChessBase"]
[SourceDate "2014.11.20"]
[SourceVersion "1"]
[SourceVersionDate "2014.11.20"]
[SourceQuality "1"]

1. e4 e5 2. Nf3 Nc6 3. d4 exd4 4. Nxd4 Bc5 5. Be3 Bxd4 6. Bxd4 Nxd4 7. Qxd4 Qf6 8. Qxf6 Nxf6 9. Nc3 d6 10. 0-0-0 Bd7 11. Bc4 0-0 12. h3 Rfe8 13. f3 Rab8 14. g4 Be6 15. Nd5 Bxd5 16. Bxd5 Nxd5 17. Rxd5 f6 18. h4 Re5 19. Re1 Rbe8 20. Kd2 Kf7 21. c4 g6 22. Kd3 f5 23. Rxe5 Rxe5 24. f4 1/2-1/2